Fußball Europameisterschaft 2024: Kapitäne aller Teams - Statistiken

Allgemein
  • Dieses Quiz wurde 213 mal gespielt
  • Das Durchschnittsergebnis liegt bei 13 aus 24
Antwortstatistiken
Land Antwort % Korrekt
Portugal Cristiano Ronaldo
94%
England Harry Kane
93%
Frankreich Kylian Mbappe
93%
Deutschland Ilkay Gündogan
90%
Kroatien Luka Modric
89%
Belgien Kevin de Bruyne
87%
Polen Robert Lewandowski
87%
Schweiz Granit Xhaka
77%
Niederlande Virgil van Dijk
74%
Spanien Alvaro Morata
62%
Schottland Andrew Robertson
57%
Ungarn Dominik Szoboszlai
50%
Slowenien Jan Oblak
50%
Türkei Hakan Calhanoglu
43%
Dänemark Simon Kjaer
38%
Österreich Konrad Laimer
35%
Tschechien Tomas Soucek
25%
Serbien Dusan Tadic
22%
Italien Gianluigi Donarumma
22%
Slowakei Milan Skriniar
20%
Ukraine Andrey Yarmolenko
18%
Rumänien Nicolae Stanciu
17%
Albanien Berat Djimsiti
8%
Georgien Guram Kaschia
5%
Keine übereinstimmenden Quizze gefunden
Verteilung der Resultate
Anzahl Personen mit jedem Resultat
Perzentil nach korrekt beantworteten Fragen
Ihre Resultats-Entwicklung
Sie haben dieses Quiz noch nicht gespielt